000 00475nam a22001697a 4500
003 CEME
005 20210628203324.0
008 210126b xxu||||| |||| 00| 0 eng d
020 _a9788131717288
040 _c.
082 _a511.5 AGN
100 _aAgnarsson, Geir, Greenlaw, Raymond
_964711
245 _aGraph theory, modeling, applictions, and algorithms
260 _aINDIA
_bPEARSON EDUCATION ASIA-ADDISON WESLEY
_c2008
650 _a464P
_964712
942 _cBK
_2ddc
999 _c573125
_d573125